00389nam a2200145Ia 4500003000400000008004100004040001600045082001300061100001900074245005900093260004400152300001000196650001500206650002200221GCL140319s9999 xx 000 0 eng d aGCL / cGCL04a843bM P1 aMASSON, NICOLE10aPANORAMA DE LA LITTERATURE FRANCAIS / cMASSON, NICOLE a[S.N] : bMARABOUT UNIVERSITE ، c1990 a542 P04aLITERATURE04aFRENCH LITERATURE